<?xml version="1.0" encoding="UTF-8"?>
<record
    xmlns:xsi="http://www.w3.org/2001/XMLSchema-instance"
    xsi:schemaLocation="http://www.loc.gov/MARC21/slim http://www.loc.gov/standards/marcxml/schema/MARC21slim.xsd"
    xmlns="http://www.loc.gov/MARC21/slim">

  <leader>00383nam a22001457a 4500</leader>
  <controlfield tag="003">OSt</controlfield>
  <controlfield tag="005">20211223100837.0</controlfield>
  <controlfield tag="008">211223b        |||||||| |||| 00| 0 eng d</controlfield>
  <datafield tag="020" ind1=" " ind2=" ">
    <subfield code="a">0130930474</subfield>
  </datafield>
  <datafield tag="040" ind1=" " ind2=" ">
    <subfield code="c">HU</subfield>
  </datafield>
  <datafield tag="082" ind1=" " ind2=" ">
    <subfield code="2">2nd</subfield>
    <subfield code="a">004.6DUS2003</subfield>
  </datafield>
  <datafield tag="100" ind1=" " ind2=" ">
    <subfield code="a">Duck</subfield>
    <subfield code="9">24555</subfield>
  </datafield>
  <datafield tag="245" ind1=" " ind2=" ">
    <subfield code="a">Data Communications &amp; Computer Networks For Computer Scientists &amp; Engineers</subfield>
  </datafield>
  <datafield tag="942" ind1=" " ind2=" ">
    <subfield code="2">ddc</subfield>
    <subfield code="c">BOOKS</subfield>
    <subfield code="n">0</subfield>
  </datafield>
  <datafield tag="999" ind1=" " ind2=" ">
    <subfield code="c">23661</subfield>
    <subfield code="d">23661</subfield>
  </datafield>
  <datafield tag="952" ind1=" " ind2=" ">
    <subfield code="0">0</subfield>
    <subfield code="1">0</subfield>
    <subfield code="2">ddc</subfield>
    <subfield code="4">0</subfield>
    <subfield code="7">0</subfield>
    <subfield code="a">006</subfield>
    <subfield code="b">006</subfield>
    <subfield code="c">GEN</subfield>
    <subfield code="d">2021-12-23</subfield>
    <subfield code="l">0</subfield>
    <subfield code="o">004.6 DUC2003</subfield>
    <subfield code="p">IOTL0001010</subfield>
    <subfield code="r">2021-12-23 00:00:00</subfield>
    <subfield code="t">1</subfield>
    <subfield code="w">2021-12-23</subfield>
    <subfield code="y">BOOKS</subfield>
  </datafield>
  <datafield tag="952" ind1=" " ind2=" ">
    <subfield code="0">0</subfield>
    <subfield code="1">0</subfield>
    <subfield code="2">ddc</subfield>
    <subfield code="4">0</subfield>
    <subfield code="7">0</subfield>
    <subfield code="a">006</subfield>
    <subfield code="b">006</subfield>
    <subfield code="c">GEN</subfield>
    <subfield code="d">2021-12-23</subfield>
    <subfield code="l">0</subfield>
    <subfield code="o">004.6 DUC2003</subfield>
    <subfield code="p">IOTL0001011</subfield>
    <subfield code="r">2021-12-23 00:00:00</subfield>
    <subfield code="t">2</subfield>
    <subfield code="w">2021-12-23</subfield>
    <subfield code="y">BOOKS</subfield>
  </datafield>
  <datafield tag="952" ind1=" " ind2=" ">
    <subfield code="0">0</subfield>
    <subfield code="1">0</subfield>
    <subfield code="2">ddc</subfield>
    <subfield code="4">0</subfield>
    <subfield code="7">0</subfield>
    <subfield code="a">006</subfield>
    <subfield code="b">006</subfield>
    <subfield code="c">GEN</subfield>
    <subfield code="d">2021-12-23</subfield>
    <subfield code="l">0</subfield>
    <subfield code="o">004.6 DUC2003</subfield>
    <subfield code="p">IOTL0001012</subfield>
    <subfield code="r">2021-12-23 00:00:00</subfield>
    <subfield code="t">3</subfield>
    <subfield code="w">2021-12-23</subfield>
    <subfield code="y">BOOKS</subfield>
  </datafield>
  <datafield tag="952" ind1=" " ind2=" ">
    <subfield code="0">0</subfield>
    <subfield code="1">0</subfield>
    <subfield code="2">ddc</subfield>
    <subfield code="4">0</subfield>
    <subfield code="7">0</subfield>
    <subfield code="a">006</subfield>
    <subfield code="b">006</subfield>
    <subfield code="c">GEN</subfield>
    <subfield code="d">2021-12-23</subfield>
    <subfield code="l">0</subfield>
    <subfield code="o">004.6 DUC2003</subfield>
    <subfield code="p">IOTL0001013</subfield>
    <subfield code="r">2021-12-23 00:00:00</subfield>
    <subfield code="t">4</subfield>
    <subfield code="w">2021-12-23</subfield>
    <subfield code="y">BOOKS</subfield>
  </datafield>
  <datafield tag="952" ind1=" " ind2=" ">
    <subfield code="0">0</subfield>
    <subfield code="1">0</subfield>
    <subfield code="2">ddc</subfield>
    <subfield code="4">0</subfield>
    <subfield code="7">0</subfield>
    <subfield code="a">006</subfield>
    <subfield code="b">006</subfield>
    <subfield code="c">GEN</subfield>
    <subfield code="d">2021-12-23</subfield>
    <subfield code="l">0</subfield>
    <subfield code="o">004.6 DUC2003</subfield>
    <subfield code="p">IOTL0001014</subfield>
    <subfield code="r">2021-12-23 00:00:00</subfield>
    <subfield code="t">5</subfield>
    <subfield code="w">2021-12-23</subfield>
    <subfield code="y">BOOKS</subfield>
  </datafield>
  <datafield tag="952" ind1=" " ind2=" ">
    <subfield code="0">0</subfield>
    <subfield code="1">0</subfield>
    <subfield code="2">ddc</subfield>
    <subfield code="4">0</subfield>
    <subfield code="7">0</subfield>
    <subfield code="a">006</subfield>
    <subfield code="b">006</subfield>
    <subfield code="c">GEN</subfield>
    <subfield code="d">2021-12-23</subfield>
    <subfield code="l">0</subfield>
    <subfield code="o">004.6 DUC2003</subfield>
    <subfield code="p">IOTL0001015</subfield>
    <subfield code="r">2021-12-23 00:00:00</subfield>
    <subfield code="t">6</subfield>
    <subfield code="w">2021-12-23</subfield>
    <subfield code="y">BOOKS</subfield>
  </datafield>
  <datafield tag="952" ind1=" " ind2=" ">
    <subfield code="0">0</subfield>
    <subfield code="1">0</subfield>
    <subfield code="2">ddc</subfield>
    <subfield code="4">0</subfield>
    <subfield code="7">0</subfield>
    <subfield code="a">006</subfield>
    <subfield code="b">006</subfield>
    <subfield code="c">GEN</subfield>
    <subfield code="d">2021-12-23</subfield>
    <subfield code="l">0</subfield>
    <subfield code="o">004.6 DUC2003</subfield>
    <subfield code="p">IOTL0001016</subfield>
    <subfield code="r">2021-12-23 00:00:00</subfield>
    <subfield code="t">7</subfield>
    <subfield code="w">2021-12-23</subfield>
    <subfield code="y">BOOKS</subfield>
  </datafield>
  <datafield tag="952" ind1=" " ind2=" ">
    <subfield code="0">0</subfield>
    <subfield code="1">0</subfield>
    <subfield code="2">ddc</subfield>
    <subfield code="4">0</subfield>
    <subfield code="7">0</subfield>
    <subfield code="a">006</subfield>
    <subfield code="b">006</subfield>
    <subfield code="c">GEN</subfield>
    <subfield code="d">2021-12-23</subfield>
    <subfield code="l">0</subfield>
    <subfield code="o">004.6 DUC2003</subfield>
    <subfield code="p">IOTL0001017</subfield>
    <subfield code="r">2021-12-23 00:00:00</subfield>
    <subfield code="t">8</subfield>
    <subfield code="w">2021-12-23</subfield>
    <subfield code="y">BOOKS</subfield>
  </datafield>
  <datafield tag="952" ind1=" " ind2=" ">
    <subfield code="0">0</subfield>
    <subfield code="1">0</subfield>
    <subfield code="2">ddc</subfield>
    <subfield code="4">0</subfield>
    <subfield code="7">0</subfield>
    <subfield code="a">006</subfield>
    <subfield code="b">006</subfield>
    <subfield code="c">GEN</subfield>
    <subfield code="d">2021-12-23</subfield>
    <subfield code="l">0</subfield>
    <subfield code="o">004.6 DUC2003</subfield>
    <subfield code="p">IOTL0001018</subfield>
    <subfield code="r">2021-12-23 00:00:00</subfield>
    <subfield code="t">9</subfield>
    <subfield code="w">2021-12-23</subfield>
    <subfield code="y">BOOKS</subfield>
  </datafield>
  <datafield tag="952" ind1=" " ind2=" ">
    <subfield code="0">0</subfield>
    <subfield code="1">0</subfield>
    <subfield code="2">ddc</subfield>
    <subfield code="4">0</subfield>
    <subfield code="7">0</subfield>
    <subfield code="a">006</subfield>
    <subfield code="b">006</subfield>
    <subfield code="c">GEN</subfield>
    <subfield code="d">2021-12-23</subfield>
    <subfield code="l">0</subfield>
    <subfield code="o">004.6 DUC2003</subfield>
    <subfield code="p">IOTL0001019</subfield>
    <subfield code="r">2021-12-23 00:00:00</subfield>
    <subfield code="t">10</subfield>
    <subfield code="w">2021-12-23</subfield>
    <subfield code="y">BOOKS</subfield>
  </datafield>
  <datafield tag="952" ind1=" " ind2=" ">
    <subfield code="0">0</subfield>
    <subfield code="1">0</subfield>
    <subfield code="2">ddc</subfield>
    <subfield code="4">0</subfield>
    <subfield code="7">0</subfield>
    <subfield code="a">006</subfield>
    <subfield code="b">006</subfield>
    <subfield code="c">GEN</subfield>
    <subfield code="d">2021-12-23</subfield>
    <subfield code="l">0</subfield>
    <subfield code="o">004.6 DUC2003</subfield>
    <subfield code="p">IOTL0001020</subfield>
    <subfield code="r">2021-12-23 00:00:00</subfield>
    <subfield code="t">11</subfield>
    <subfield code="w">2021-12-23</subfield>
    <subfield code="y">BOOKS</subfield>
  </datafield>
</record>
